Territories of the Republic of Venice in 1789 on a Map - Statistics

General Stats
  • This quiz has been taken 139 times
  • The average score is 8 of 21
Answers on the Map
Answers color-coded by a green-red scale on the quiz's map according to % correct below.
 
Answer Stats
Answer % Correct
Istria
83%
Dalmatia
81%
Verona
77%
Padua
64%
Bergamo
55%
Brescia
53%
Patria del Friuli
51%
Vicenza
44%
Treviso
43%
Ionian Possessions
36%
Belluno
34%
Crema
23%
Dogado
18%
Pordenone
16%
Feltre
13%
Bassano
12%
Polesine
12%
Cadore
11%
Cologna
11%
Conegliano
11%
Cividale
8%
No matching quizzes found
Score Distribution
Percent of People with Each Score
Percentile by Number Answered
Your Score History
You have not taken this quiz